[Event "TUR Cup"]
[Site "Adapazari"]
[Date "2022.03.30"]
[Round "9"]
[White "Vursan, Emre Can"]
[Black "Avsar, Gediz"]
[Result "1-0"]
[WhiteElo "1741"]
[BlackElo "1506"]
[PlyCount "61"]
[EventDate "2022.03.25"]
[EventType "swiss"]
[EventRounds "11"]
[EventCountry "TUR"]
[SourceTitle "EXT 2023"]
[Source "ChessBase"]
[SourceDate "2022.10.05"]
[SourceVersion "1"]
[SourceVersionDate "2022.10.05"]
[SourceQuality "1"]

1. e4 c5 2. Nf3 g6 3. d4 cxd4 4. Qxd4 Nf6 5. Bb5 Nc6 6. Bxc6 bxc6 7. e5 Nd5 8. c4 Nc7 9. h4 Ne6 10. Qc3 h5 11. Ng5 d5 12. Nd2 Bg7 13. Ndf3 0-0 14. 0-0 Nxg5 15. Bxg5 Qd7 16. c5 Qc7 17. Rfe1 Rb8 18. b3 a5 19. Qe3 e6 20. Bf6 Rb4 21. Nd4 Re8 22. a3 Rb8 23. Qg5 Bd7 24. g4 Bxf6 25. exf6 Kh7 26. gxh5 Rg8 27. Kh1 Qd8 28. Re3 Qf8 29. Rg1 Qh6 30. Reg3 gxh5 31. Qxh6+ 1-0

[Event "TUR Cup"]
[Site "Adapazari"]
[Date "2022.03.26"]
[Round "2"]
[White "Ozsakallioglu, Okan"]
[Black "Vursan, Emre Can"]
[Result "1-0"]
[WhiteElo "2270"]
[BlackElo "1741"]
[PlyCount "72"]
[EventDate "2022.03.25"]
[EventType "swiss"]
[EventRounds "11"]
[EventCountry "TUR"]
[SourceTitle "EXT 2023"]
[Source "ChessBase"]
[SourceDate "2022.10.05"]
[SourceVersion "1"]
[SourceVersionDate "2022.10.05"]
[SourceQuality "1"]

1. e4 e5 2. Nf3 Nc6 3. Bb5 f5 4. d3 fxe4 5. dxe4 Nf6 6. 0-0 Bc5 7. Bxc6 bxc6 8. Nxe5 Qe7 9. Nd3 Ba6 10. e5 Nd5 11. Nd2 0-0 12. Nf3 Rf5 13. b3 Bxd3 14. Qxd3 Raf8 15. Bd2 Qf7 16. c4 Nf4 17. Bxf4 Rxf4 18. Rad1 d6 19. Kh1 Qh5 20. Rde1 Rg4 21. g3 Rg6 22. Kg2 dxe5 23. Rxe5 Qxf3+ 24. Qxf3 Rxf3 25. Kxf3 Rf6+ 26. Kg2 Bd4 27. Re7 c5 28. f4 Ra6 29. Re2 h5 30. h3 Kf7 31. Kf3 Rb6 32. Rfe1 Ra6 33. Re7+ Kf6 34. R1e2 g5 35. g4 h4 36. f5 Rd6 1-0

[Event "TUR-chT Clubs"]
[Site "Konya"]
[Date "2019.07.21"]
[Round "9.2"]
[White "Vursan, Emre Can"]
[Black "Iyiol, Mehmet"]
[Result "1/2-1/2"]
[WhiteElo "1714"]
[BlackElo "1857"]
[PlyCount "151"]
[EventDate "2019.07.16"]
[EventType "team-swiss"]
[EventRounds "9"]
[EventCountry "TUR"]
[SourceTitle "CBM 191 Extra"]
[Source "ChessBase"]
[SourceDate "2019.09.30"]
[SourceVersion "1"]
[SourceVersionDate "2019.09.30"]
[SourceQuality "1"]
[WhiteTeam "Canakkale Doruk"]
[BlackTeam "Borcelik Bursa Deneyim"]
[WhiteTeamCountry "TUR"]
[BlackTeamCountry "TUR"]

1. e4 c5 2. Nf3 e6 3. c3 Nf6 4. e5 Nd5 5. d4 cxd4 6. cxd4 b6 7. a3 Bb7 8. Bd3 Be7 9. 0-0 0-0 10. Re1 d6 11. Nbd2 dxe5 12. dxe5 Nd7 13. Ne4 h6 14. Qe2 Qc7 15. Ng3 Nc5 16. Nh5 Nxd3 17. Qxd3 Rac8 18. Nd2 Qc2 19. Qg3 Qg6 20. Qxg6 fxg6 21. Ng3 Nf4 22. Nde4 Nd3 23. Rd1 Nxe5 24. f4 Bxe4 25. Nxe4 Nc4 26. b3 Na5 27. b4 Nb3 28. Rb1 Nxc1 29. Rbxc1 Rxc1 30. Rxc1 Rxf4 31. Rc7 Rxe4 32. Rxe7 a5 33. b5 Re5 34. a4 Re4 35. Rb7 Rxa4 36. Rxb6 Kf7 37. Ra6 Ra2 38. Ra7+ Kf6 39. Ra8 a4 40. Rf8+ Ke7 41. Ra8 Rb2 42. Rxa4 Rxb5 43. Kf2 Rb3 44. Ra7+ Kf6 45. Ra8 g5 46. Rf8+ Ke7 47. Rg8 Kf7 48. Ra8 g6 49. Ra7+ Kf6 50. Ra8 e5 51. g4 Rb2+ 52. Kg3 h5 53. Ra6+ Kg7 54. Ra7+ Kh6 55. Re7 h4+ 56. Kh3 Rb3+ 57. Kg2 Re3 58. Kf2 Re4 59. h3 Rf4+ 60. Kg1 Rf3 61. Kg2 Rg3+ 62. Kh2 Re3 63. Kg2 e4 64. Kh2 Re1 65. Kg2 e3 66. Kh2 Re2+ 67. Kh1 Ra2 68. Rxe3 Kg7 69. Re6 Kf7 70. Rb6 Re2 71. Kg1 Re6 72. Rxe6 Kxe6 73. Kf2 Kd5 74. Kf3 Kd4 75. Kf2 Kd3 76. Kf3 1/2-1/2

[Event "TUR-chT Clubs"]
[Site "Konya"]
[Date "2019.07.17"]
[Round "2.8"]
[White "Vursan, Emre Can"]
[Black "Koc, Abdullah"]
[Result "1-0"]
[WhiteElo "1714"]
[BlackElo "1615"]
[PlyCount "73"]
[EventDate "2019.07.16"]
[EventType "team-swiss"]
[EventRounds "9"]
[EventCountry "TUR"]
[SourceTitle "CBM 191 Extra"]
[Source "ChessBase"]
[SourceDate "2019.09.30"]
[SourceVersion "1"]
[SourceVersionDate "2019.09.30"]
[SourceQuality "1"]
[WhiteTeam "Canakkale Doruk"]
[BlackTeam "Selcuklu Belediyesi"]
[WhiteTeamCountry "TUR"]
[BlackTeamCountry "TUR"]

1. e4 e5 2. Nf3 Nc6 3. Nc3 Nf6 4. Bb5 d6 5. d4 exd4 6. Qxd4 Bd7 7. Bxc6 bxc6 8. Bg5 Be7 9. 0-0-0 h6 10. Bh4 0-0 11. e5 Ne8 12. exd6 cxd6 13. Bxe7 Qxe7 14. Rhe1 Be6 15. Ne4 c5 16. Qc3 Rb8 17. h3 Qc7 18. g4 a5 19. g5 h5 20. Rg1 Qc6 21. Nf6+ Nxf6 22. gxf6 g6 23. Qe3 Qb6 24. b3 Qd8 25. Qg5 Kh7 26. Qf4 Rb4 27. Ng5+ Kg8 28. c4 Bf5 29. Rxd6 Qb8 30. Ne4 Kh7 31. Rg5 Bxe4 32. Rxh5+ gxh5 33. Qxe4+ Kh6 34. Qf4+ Kg6 35. h4 Rxc4+ 36. bxc4 Kh7 37. Qf5+ 1-0

[Event "TUR Cup"]
[Site "Antalya"]
[Date "2019.02.03"]
[Round "11"]
[White "Vursan, Emre Can"]
[Black "Akbas, Umut Ata"]
[Result "0-1"]
[WhiteElo "1678"]
[BlackElo "1939"]
[PlyCount "126"]
[EventDate "2019.01.27"]
[EventType "swiss"]
[EventRounds "11"]
[EventCountry "TUR"]
[SourceTitle "CBM 188 Extra"]
[Source "ChessBase"]
[SourceDate "2019.02.28"]
[SourceVersion "1"]
[SourceVersionDate "2019.02.28"]
[SourceQuality "1"]

1. e4 c5 2. Nf3 d6 3. d4 cxd4 4. Qxd4 a6 5. c4 Nc6 6. Qe3 g6 7. h3 Bg7 8. Be2 Nf6 9. 0-0 0-0 10. Bd2 Bd7 11. Bc3 Rc8 12. Rd1 Qc7 13. Nbd2 b6 14. Nf1 Qb7 15. Qd3 Na5 16. Ne3 Be6 17. Nd5 Nxc4 18. Nxf6+ exf6 19. b3 Ne5 20. Nxe5 dxe5 21. Bb4 Rfe8 22. f3 b5 23. Be1 Bh6 24. Bh4 Kg7 25. Bf2 Rc6 26. Be3 Bxe3+ 27. Qxe3 Rec8 28. Rac1 Qc7 29. Rxc6 Qxc6 30. Qd2 Qc2 31. Kf1 Rc6 32. Bd3 Qc5 33. Qf2 Qa3 34. Qd2 Rd6 35. Qc2 Rd4 36. Be2 Qd6 37. Ke1 f5 38. Qc3 fxe4 39. fxe4 Rxd1+ 40. Bxd1 Qd4 41. Qxd4 exd4 42. e5 b4 43. Kd2 Bf5 44. Be2 a5 45. Bd3 Bd7 46. Bc4 Bc6 47. g4 Be4 48. Bd3 Bg2 49. h4 f6 50. e6 Kf8 51. Bc2 Bh3 52. Bd1 Bf1 53. Bf3 Ke7 54. Bd5 Bh3 55. h5 Bxg4 56. h6 Bxe6 57. Be4 f5 58. Bc2 Kd6 59. Ke2 Ke5 60. Kf3 Bd5+ 61. Kg3 Be4 62. Bd1 d3 63. Kh4 Kf4 0-1

[Event "TUR Cup"]
[Site "Antalya"]
[Date "2019.02.02"]
[Round "10"]
[White "Eren, Alper"]
[Black "Vursan, Emre Can"]
[Result "0-1"]
[WhiteElo "1919"]
[BlackElo "1678"]
[PlyCount "106"]
[EventDate "2019.01.27"]
[EventType "swiss"]
[EventRounds "11"]
[EventCountry "TUR"]
[SourceTitle "CBM 188 Extra"]
[Source "ChessBase"]
[SourceDate "2019.02.28"]
[SourceVersion "1"]
[SourceVersionDate "2019.02.28"]
[SourceQuality "1"]

1. e4 c5 2. Nf3 Nc6 3. d4 cxd4 4. Nxd4 e5 5. Nb5 a6 6. N5c3 d6 7. Nd5 Be6 8. Nbc3 Nge7 9. Be3 Bxd5 10. exd5 Nb8 11. g4 Ng6 12. Qd2 Be7 13. 0-0-0 Qa5 14. Kb1 Nd7 15. Bd3 Nc5 16. Bf5 Nh4 17. Bxc5 Qxc5 18. Be4 Bd8 19. Qd3 Ba5 20. Ne2 Ng6 21. f4 Nxf4 22. Nxf4 exf4 23. c3 Qb5 24. c4 Qc5 25. Bxh7 g6 26. Bxg6 fxg6 27. Qxg6+ Kd8 28. Qf7 Kc8 29. h4 Kb8 30. g5 Ka7 31. g6 Rhf8 32. Qd7 Rad8 33. Qg4 Qc8 34. Qxc8 Rxc8 35. h5 Rf6 36. Rdg1 Bb6 37. Rg4 Rg8 38. h6 Rfxg6 39. Rxg6 Rxg6 40. h7 Bd4 41. h8Q Bxh8 42. Rxh8 Rg2 43. Rf8 Rf2 44. b4 Kb6 45. Rf6 Kc7 46. c5 f3 47. Rxd6 Re2 48. Rf6 f2 49. Rf7+ Kd8 50. c6 bxc6 51. dxc6 Re1+ 52. Kc2 f1Q 53. Rd7+ Kc8 0-1

[Event "TUR Cup"]
[Site "Antalya"]
[Date "2019.01.30"]
[Round "6"]
[White "Bek, Emir"]
[Black "Vursan, Emre Can"]
[Result "0-1"]
[WhiteElo "1844"]
[BlackElo "1678"]
[PlyCount "80"]
[EventDate "2019.01.27"]
[EventType "swiss"]
[EventRounds "11"]
[EventCountry "TUR"]
[SourceTitle "CBM 188 Extra"]
[Source "ChessBase"]
[SourceDate "2019.02.28"]
[SourceVersion "1"]
[SourceVersionDate "2019.02.28"]
[SourceQuality "1"]

1. d4 d5 2. c4 e5 3. e3 Nc6 4. dxe5 d4 5. f4 Bb4+ 6. Bd2 dxe3 7. Bxb4 Qxd1+ 8. Kxd1 Nxb4 9. a3 Bg4+ 10. Kc1 0-0-0 11. Nc3 Nd3+ 12. Bxd3 Rxd3 13. h3 Be6 14. Nf3 Ne7 15. Kc2 Rhd8 16. Rad1 Bxc4 17. b3 Ba6 18. Rxd3 Bxd3+ 19. Kc1 Nd5 20. Nxd5 Rxd5 21. Re1 Rc5+ 22. Kd1 Bc2+ 23. Ke2 Rc3 24. Ng5 Bxb3 25. Nxh7 Bc4+ 26. Kf3 Bd5+ 27. Ke2 Bxg2 28. Ng5 f6 29. exf6 gxf6 30. Nh7 Bxh3 31. Nxf6 Be6 32. a4 Bc4+ 33. Kf3 e2+ 34. Kf2 Kd8 35. Rg1 Ke7 36. Ne4 Ra3 37. f5 Bd5 38. Rg7+ Kf8 39. Rg4 e1Q+ 40. Kxe1 Re3+ 0-1

[Event "TUR Cup"]
[Site "Antalya"]
[Date "2019.01.29"]
[Round "4"]
[White "Oztekin, Kerem Can"]
[Black "Vursan, Emre Can"]
[Result "1-0"]
[WhiteElo "1940"]
[BlackElo "1678"]
[PlyCount "41"]
[EventDate "2019.01.27"]
[EventType "swiss"]
[EventRounds "11"]
[EventCountry "TUR"]
[SourceTitle "CBM 188 Extra"]
[Source "ChessBase"]
[SourceDate "2019.02.28"]
[SourceVersion "1"]
[SourceVersionDate "2019.02.28"]
[SourceQuality "1"]

1. e4 e5 2. Nf3 Nc6 3. Bb5 f5 4. d3 fxe4 5. dxe4 Nf6 6. 0-0 Bc5 7. Nc3 d6 8. Bg5 0-0 9. Nd5 Kh8 10. Nh4 Ne7 11. Bxf6 gxf6 12. Qh5 Nxd5 13. Ng6+ Kg7 14. Nxf8 Nf4 15. Qxh7+ Kxf8 16. Qh8+ Ke7 17. Qg7+ Ke6 18. g3 Qe7 19. Qg8+ Qf7 20. Bc4+ d5 21. exd5+ 1-0

[Event "TUR-ch U20"]
[Site "Canakkale"]
[Date "2016.06.28"]
[Round "2"]
[White "Ozen, Batuhan"]
[Black "Vursan, Emre Can"]
[Result "1/2-1/2"]
[WhiteElo "1932"]
[BlackElo "1773"]
[PlyCount "102"]
[EventDate "2016.06.27"]
[EventType "swiss"]
[EventRounds "9"]
[EventCountry "TUR"]
[SourceTitle "CBM 173 Extra"]
[Source "ChessBase"]
[SourceDate "2016.08.29"]
[SourceVersion "1"]
[SourceVersionDate "2016.08.29"]
[SourceQuality "1"]

1. Nf3 Nf6 2. g3 e6 3. Bg2 b6 4. 0-0 Bb7 5. d3 Be7 6. e4 d6 7. Re1 Nbd7 8. Nbd2 0-0 9. c3 e5 10. h3 Re8 11. Nf1 h6 12. g4 Nh7 13. Ng3 Ndf8 14. Nf5 Bc8 15. d4 Ng6 16. Nxe7+ Qxe7 17. Be3 Ng5 18. Qc1 Nxe4 19. Nxe5 dxe5 20. Bxe4 Rb8 21. Qc2 Bb7 22. d5 Qh4 23. Kg2 Rbd8 24. c4 Rd6 25. b4 h5 26. Qe2 Bc8 27. f3 Nf4+ 28. Bxf4 exf4 29. Qf2 Qxf2+ 30. Kxf2 Rdd8 31. Rad1 hxg4 32. fxg4 g5 33. Kf3 Kg7 34. h4 gxh4 35. Kxf4 Rd6 36. Bf5 Rxe1 37. Rxe1 Bxf5 38. gxf5 Rh6 39. Ke5 h3 40. c5 h2 41. Rh1 Kf8 42. Kf4 Ke7 43. Kg5 Rh3 44. f6+ Kd7 45. Kg4 Rh6 46. Kg3 Rxf6 47. Rxh2 a5 48. a3 axb4 49. axb4 bxc5 50. bxc5 Rf5 51. Rd2 c6 1/2-1/2

[Event "TUR-ch U20"]
[Site "Canakkale"]
[Date "2016.06.28"]
[Round "3"]
[White "Vursan, Emre Can"]
[Black "Demirbag, Alihan"]
[Result "1/2-1/2"]
[WhiteElo "1773"]
[BlackElo "2041"]
[PlyCount "183"]
[EventDate "2016.06.27"]
[EventType "swiss"]
[EventRounds "9"]
[EventCountry "TUR"]
[SourceTitle "CBM 173 Extra"]
[Source "ChessBase"]
[SourceDate "2016.08.29"]
[SourceVersion "1"]
[SourceVersionDate "2016.08.29"]
[SourceQuality "1"]

1. f4 d5 2. b3 c5 3. e3 Nc6 4. Bb5 Bd7 5. Bxc6 Bxc6 6. Nf3 Nf6 7. Bb2 e6 8. 0-0 Be7 9. Qe1 0-0 10. Ne5 Nd7 11. d3 Qc7 12. Nd2 f6 13. Nxc6 Qxc6 14. e4 Rfe8 15. Qg3 b5 16. a4 a6 17. axb5 axb5 18. exd5 exd5 19. Qf3 Nb6 20. Rfe1 Qd7 21. Qe3 Bf8 22. Qf2 Rxe1+ 23. Qxe1 Re8 24. Qf2 d4 25. Re1 Nd5 26. Rxe8 Qxe8 27. Nf1 Qe6 28. Bc1 Bd6 29. Bd2 Bc7 30. g3 Bb6 31. Qe1 Qd7 32. Kg2 Qc6 33. Kh3 Bd8 34. c4 dxc3 35. Bxc3 Nxc3 36. Qxc3 Qe6+ 37. Kg2 Bb6 38. Nd2 h5 39. h4 Qe2+ 40. Kh3 Qg4+ 41. Kh2 Qe2+ 42. Kh3 Qe6+ 43. Kh2 Qf5 44. Ne4 Qg4 45. Qe1 Qe6 46. Qc3 f5 47. Ng5 Qe2+ 48. Kh3 c4 49. d4 Qf1+ 50. Kh2 Qf2+ 51. Kh3 Qf1+ 52. Kh2 Qf2+ 53. Kh3 Bxd4 54. Qc1 Qg1 55. Qxg1 Bxg1 56. bxc4 b4 57. Nf3 Be3 58. c5 Kf8 59. c6 Ke8 60. Ne5 Kd8 61. Kg2 b3 62. Nc4 Bc1 63. Kf3 Kc7 64. Ke2 b2 65. Na3 Kxc6 66. Kd3 Kc5 67. Nb1 Kb4 68. Kc2 Kc4 69. Nc3 Kd4 70. Nb5+ Ke3 71. Nd6 g6 72. Nc4+ Kf3 73. Ne5+ Kxg3 74. Nxg6 Kg4 75. Kb1 Bxf4 76. Kxb2 Bg3 77. Kc2 Kf3 78. Kd3 f4 79. Ne5+ Kg2 80. Ke4 Bxh4 81. Kxf4 Bg3+ 82. Kg5 h4 83. Kg4 h3 84. Nf3 Bf2 85. Kf4 Bg3+ 86. Kg4 Bf2 87. Kf4 Bd4 88. Kg4 Bf2 89. Kf4 Bd4 90. Kg4 Bc3 91. Nh4+ Kh2 92. Nf3+ 1/2-1/2